000 00831nam a2200205 a 4500
003 0
005 20250424112150.0
008 050809s19uu xx 00 eng d
050 _aPHS HF 5381.5.P6.C37
_b.V55 2005
100 _aVillaluz, Adam Francis L.
245 _aCareer choice and personality types of fourth year students of Veritas Parochial School /
_cAdam Francis L. Villaluz.
260 _aLas PiƱas City, Philippines :
_bSouthville International School and Colleges,
_c2005.
300 _aunnumbered pages :
_billustrations ;
_c28 cm.
504 _aIncludes bibliographical references.
650 _2Library of Congress Subject Headings
_aCareer development
_zPhilippines.
650 _aVocational guidance
_zPhilippines.
650 _aVeritas Parochial School (Philippines).
942 _2lcc
_cPASS
999 _c97320
_d97320